000 00520nam a2200205Ia 4500
003 OSt
005 20221005115421.0
006 a|||||r|||| 00| 0
007 ta
008 221004b |||||||| |||| 00| 0 eng d
024 _a112596
037 _cTextual
040 _aCRL
_cCRL
_beng
041 _2eng
_aeng
110 _aIndia : Surses of India 1961
_9627495
245 0 _aChaghra a village in chotanagpur
700 _aIndia : Surses of India 1961
_9627496
942 _cTEXL
_2cc
999 _c1034759
_d1034759